000 01323nam a2200337Ia 4500
001 ebr10180620
003 CaPaEBR
006 m u
007 cr cn|||||||||
008 070419s2007 enk sb 001 0 eng d
010 _z 2007016440
020 _z0749449616
020 _z9780749449612
020 _z9780749452148
040 _aCaPaEBR
_cCaPaEBR
035 _a(OCoLC)253954287
050 1 4 _aHD61.5
_b.D47 2007eb
082 0 4 _a658.4/72
_222
100 1 _aDesouza, Kevin C.,
_d1979-
245 1 0 _aManaging knowledge security
_h[electronic resource] :
_bstrategies for protecting your company's intellectual assets /
_cKevin Desouza.
260 _aLondon ;
_aPhiladelphia :
_bKogan Page Ltd,
_cc2007.
300 _axx, 200 p.
504 _aIncludes bibliographical references and index.
533 _aElectronic reproduction.
_bPalo Alto, Calif. :
_cebrary,
_d2009.
_nAvailable via World Wide Web.
_nAccess may be limited to ebrary affiliated libraries.
650 0 _aBusiness enterprises
_xSecurity measures.
650 0 _aIntellectual capital
_xManagement.
650 0 _aKnowledge management.
655 7 _aElectronic books.
_2local
710 2 _aebrary, Inc.
856 4 0 _uhttp://site.ebrary.com/lib/rucke/Doc?id=10180620
_zAn electronic book accessible through the World Wide Web; click to view
999 _c142479
_d142479